00778nam a2200205 4500001000700000003000900007005001700016007000300033008004100036100003000077245012500107260004600232300002100278490002600299700004000325830003400365852003200399999001900431952012200450145224ES-MaACL20230906201204.0t|070214s1962 sp r ||||1| spa d1 aSoras, Alfred de.910732410aOpciones políticas y documentos de la Iglesia / cA. de Soras, S. J.; traducción del Dr. Jesús García Piñón. aBarcelona : bEstela, c[1962] (fCosmos) a99 p. ; c21 cm.1 aCristianismo y tiempo1 aGarcía Piñón, Jesús.9551210 aCristianismo y tiempo9181569 aES-MaACLjC-23510 bR.50698 c145224d145224 00104070aATENEOMbATENEOMcDEPO2d2008-01-17eSCl0oC-23510p1151591r2023-02-23 00:00:00w2023-02-23yMONOGRAFIA